000 00673nam a22002417a 4500
005 20170505143448.0
008 170505b xxu||||| |||| 00| 0 eng d
020 _a9788173142970
_c₹ 152.00
040 _aLoreto College
041 _aEnglish
082 _a155.24
_bLUC
100 _aLucas, Bill
245 _aRevolution
_bHow to thrive in crazy times
_cBill Lucas
260 _aNew Delhi
_bResearch Press
_c2009
300 _a235 p.
_b22cm.
504 _aIncludes bibliographical references and index
650 _aSuccess
650 _aAdaptability (Psychology)
650 _aChange (Psychology)
650 _aSocial Change
850 _aLCLIB
942 _cBK
999 _c41061
_d91540